|
|
|
|
| LEADER |
01355nam a2200253 a 4500 |
| 001 |
2941536 |
| 008 |
130121r19911977flua b 001 0 eng d |
| 010 |
|
|
|a 90005047
|
| 020 |
|
|
|a 0894645129 (alk. paper)
|
| 040 |
|
|
|a DLC
|c DLC
|d DLC
|d BD-DhAAL
|
| 082 |
0 |
0 |
|a 576/.190948
|2 20
|
| 100 |
1 |
|
|a Alexander, Martin,
|d 1930-
|
| 245 |
1 |
0 |
|a Introduction to soil microbiology /
|c Martin Alexander.
|
| 260 |
|
|
|a Malabar, Fla. :
|b R.E. Krieger Pub. Co.,
|c 1977.[Reprinted 1991]
|
| 300 |
|
|
|a xi, 467 p. :
|b ill. ;
|c 24 cm.
|
| 500 |
|
|
|a Reprint. Originally published: 2nd ed. New York : Wiley, c1977.
|
| 504 |
|
|
|a Includes bibliographical references and index.
|
| 541 |
1 |
|
|e 26550
|
| 650 |
|
0 |
|a Soil microbiology.
|
| 852 |
1 |
|
|a Ayesha Abed Library
|j General Shelf.
|
| 999 |
|
|
|c 13135
|d 13135
|
| 952 |
|
|
|0 0
|1 0
|4 0
|6 576_190948000000000_ALA
|7 0
|9 21851
|a BRACUL
|b BRACUL
|c GEN
|d 2013-01-21
|e Trim Education
|g 11800.00
|l 16
|m 131
|o 576.190948 ALA
|p 3010026550
|r 2026-04-11
|s 2026-03-05
|t 1
|w 2013-01-21
|y BK
|
| 952 |
|
|
|0 0
|1 0
|4 0
|6 576_190948000000000_ALA
|7 0
|9 21852
|a BRACUL
|b BRACUL
|c GEN
|d 2013-01-21
|e Trim Education
|g 11800.00
|l 11
|m 98
|o 576.190948 ALA
|p 3010026551
|r 2022-05-30
|s 2020-01-20
|t 2
|w 2013-01-21
|y BK
|
| 952 |
|
|
|0 0
|1 0
|2 ddc
|4 0
|6 576_190948000000000_ALA
|7 0
|9 21853
|a BRACUL
|b BRACUL
|c GEN
|d 2013-01-21
|e Trim Education
|g 11800.00
|l 8
|m 36
|o 576.190948 ALA
|p 3010026555
|r 2026-02-02
|s 2025-11-04
|t 3
|w 2013-01-21
|y BK
|